Catálogo
 En Linea

Ventilación mecánica neonatal a la manera de SIBEN : (Registro nro. 58536)

Detalles MARC
000 -CABECERA
campo de control de longitud fija 02599nam a2200313 i 4500
003 - IDENTIFICADOR DEL NÚMERO DE CONTROL
campo de control DO-SdBNP
005 - FECHA Y HORA DE LA ÚLTIMA TRANSACCIÓN
campo de control 20250605111156.0
007 - CAMPO FIJO DE DESCRIPCIÓN FÍSICA--INFORMACIÓN GENERAL
campo de control de longitud fija ta
008 - DATOS DE LONGITUD FIJA--INFORMACIÓN GENERAL
campo de control de longitud fija 250605b2022 dr a|||| |||| 00| 0 spa d
020 ## - NÚMERO INTERNACIONAL ESTÁNDAR DEL LIBRO
Número Internacional Estándar del Libro 9781792385049
040 ## - FUENTE DE LA CATALOGACIÓN
Centro catalogador/agencia de origen DO-SdBNP
Lengua de catalogación spa
Centro/agencia transcriptor BNPHU
Normas de descripción rda
041 ## - CÓDIGO DE LENGUA
Código de lengua del texto/banda sonora o título independiente spa
082 #4 - NÚMERO DE LA CLASIFICACIÓN DECIMAL DEWEY
Número de clasificación xxx
Número de documento/Ítem S684v
Número de edición 22
100 1# - ENTRADA PRINCIPAL--NOMBRE DE PERSONA
Nombre de persona Sola, Augusto,
Término indicativo de función/relación autor
Código de función/relación aut.
9 (RLIN) 87911
245 10 - MENCIÓN DE TÍTULO
Título Ventilación mecánica neonatal a la manera de SIBEN :
Resto del título desde la fisiología al cuidado clínico /
Mención de responsabilidad, etc. Augusto Sola, Marcelo Cardetti, Sergio Golombek
250 ## - MENCIÓN DE EDICIÓN
Mención de edición Primera edición
264 #4 - PRODUCCIÓN, PUBLICACIÓN, DISTRIBUCIÓN, FABRICACIÓN Y COPYRIGHT
Producción, publicación, distribución, fabricación y copyright Méxcio :
Nombre del de productor, editor, distribuidor, fabricante Ediciones SIBEN,
Fecha de producción, publicación, distribución, fabricación o copyright ©2022.
300 ## - DESCRIPCIÓN FÍSICA
Extensión 681 páginas :
Otras características físicas ilustraciones, fotografías, gráficos, tablas ;
Dimensiones 30 cm.
336 ## - TIPO DE CONTENIDO
Término de tipo de contenido texto
Código de tipo de contenido txt
Fuente rdacontent
337 ## - TIPO DE MEDIO
Nombre/término del tipo de medio sin mediación
Código del tipo de medio n
Fuente rdamedia
338 ## - TIPO DE SOPORTE
Nombre/término del tipo de soporte volumen
Código del tipo de soporte nc
Fuente rdacarrier
500 ## - NOTA GENERAL
Nota general Incluye referencias bibliográficas al final de los capítulos
505 ## - NOTA DE CONTENIDO CON FORMATO
Nota de contenido con formato Introducción / Augusto Sola, 1.-- Antecedentes históricos de la ventilación neonatal / Augusto Sola, George A. Gregory, 5.-- Fisiología Respiratoria Neonatal, 17.-- Principios Básicos de la Ventilación Mecánica, 65.-- Diferentes Modos de Apoyo Respiratorio, 97.-- Indicaciones de los Diferentes Modos de Apoyo Respiratorio, 157.-- Ventiladores Neonatales, 191.--Monitorización del Recién Nacido Ventilado, 211.-- Daño Inducido por la Ventilación, 289.-- Confort, Sedación, Analgesia y Bloqueo Neuromuscular Durante la Ventilación Mecánica, 343.-- Manejo Clínico General del Recién Nacido que Requiere Apoyo de Ventilación y/o Oxigenación, 351.-- Interacciones Cardiopulmonares y Renales en el Recién Nacido Ventilado, 389.-- Terapéuticas, 417.-- Manejo Clínico de Alteraciones Respiratorias más Frecuentes del Recién Nacido, 469.-- Circulación Extra Corpórea, 587.-- Participación de los Padres en los Cuidados del Recién del Nacido con Apoyo Respiratorio, 597.-- Aspectos Éticos de la Ventilación Neonatal, 601.-- Ventilación no Excesiva ni Agresiva y Proceso de Destete o "Weaning" del Respirador, 609.-- Procesos para la Mejora en los Cuidados y los Resultados en la Ventilación Neonatal, 615.-- Red SIBEN, 619.-- Procesos Necesarios para la Ventilación Neonatal Exitosa, 631.-- Anexo I : Casos clínicos.-- Anexo II : Cuadros con información práctica para el cuidado clínico de recién del nacidos que requieren apoyo ventilatorio.-- Índice analítico, 669.
590 ## - NOTA LOCAL (RLIN)
Nota local Inventariado, 2025 /LP
700 1# - PUNTO DE ACCESO ADICIONAL--NOMBRE DE PERSONA
Nombre de persona Cardetti, Marcelo
Término indicativo de función/relación autor
Código de función/relación aut.
9 (RLIN) 87990
700 1# - PUNTO DE ACCESO ADICIONAL--NOMBRE DE PERSONA
Nombre de persona Golombek, Sergio,
Término indicativo de función/relación autor
Código de función/relación aut.
9 (RLIN) 87954
910 ## - DATOS DE OPCIÓN DEL USUARIO (OCLC)
Datos de opción del usuario LP
942 ## - ELEMENTOS DE PUNTO DE ACCESO ADICIONAL (KOHA)
Fuente del sistema de clasificación o colocación Dewey Decimal Classification
Tipo de ítem Koha Libro
Existencias
Estado de retiro Estado de pérdida Fuente del sistema de clasificación o colocación Restricciones de uso No para préstamo Código de colección Localización permanente Ubicación/localización actual Ubicación en estantería Fecha de adquisición Fuente de adquisición Total de préstamos Signatura topográfica completa Código de barras Fecha visto por última vez Precio válido a partir de Tipo de ítem Koha Número de copia
    Dewey Decimal Classification Excluido de préstamo   Patrimonio Dominicano Biblioteca Nacional Pedro Henríquez Ureña Biblioteca Nacional Pedro Henríquez Ureña En catalogación 05.02.2025 Depósito Legal   xxx S684v 2025-2296 01.04.2025 01.04.2025 Libro  
    Dewey Decimal Classification Excluido de préstamo   Patrimonio Dominicano Biblioteca Nacional Pedro Henríquez Ureña Biblioteca Nacional Pedro Henríquez Ureña En catalogación 05.02.2025 Depósito Legal   xxx S684v 2025-2297 01.04.2025 01.04.2025 Libro e.2
    Dewey Decimal Classification Préstamo en sala   Dominicana de Servicio Biblioteca Nacional Pedro Henríquez Ureña Biblioteca Nacional Pedro Henríquez Ureña En catalogación 05.02.2025 Depósito Legal   xxx S684v 2025-2298 01.04.2025 01.04.2025 Libro e.3

Con tecnología Koha